| 000 | 00670cac a2200217 a 4500 | ||
|---|---|---|---|
| 003 | CO-PeBPM | ||
| 005 | 20250616111144.0 | ||
| 008 | 231129e1977||||xx |||||||||||||| ||spa|| | ||
| 020 | _a8474270057 | ||
| 040 |
_aCO-PeBPM _bspa _cCO-PeBPM _erda |
||
| 041 | _aspa | ||
| 082 | _a301 S285L | ||
| 100 |
_aScarduelli, Pietro _dautor |
||
| 245 | 0 |
_aLevi-Strauss y el tercer mundo _b/Pietro Scarduelli autor |
|
| 260 |
_aEspaña _bVillalar _c1977 |
||
| 300 |
_a98 Páginas _c; 19 centímetros |
||
| 500 | _aIncluye Índice al final del texto | ||
| 650 |
_aPaíses en desarrollo _2LEMB |
||
| 650 |
_aStrauss, Levi _2LEMB |
||
| 942 |
_2ddc _cBK |
||
| 999 |
_c19164 _d19164 |
||